Землетрясение в северных цепях Тянь-Шаня 22 декабря 1910 г. (4 января 1911 г.) (Запись № 4987073)

Подробности
000 -МАРКЕР
контрольное поле 01560nam0a22003131 4500
001 - ИДЕНТИФИКАТОР ЗАПИСИ
контрольное поле v19\rc\2090975
005 - ИДЕНТИФИКАТОР ВЕРСИИ
контрольное поле 20230407123030.0
035 ## - ДРУГИЕ СИСТЕМНЫЕ НОМЕРА
Идентификатор записи (NLR Aleph) 005161073
100 ## - ДАННЫЕ ОБЩЕЙ ОБРАБОТКИ
Данные общей обработки 20081218d1914 |||y0rusy50 ca
101 0# - ЯЗЫК РЕСУРСА
Язык текста, звукозаписи и т.д. русский
102 ## - СТРАНА ПУБЛИКАЦИИ ИЛИ ПРОИЗВОДСТВА
Страна публикации Российская Федерация
105 ## - ПОЛЕ КОДИРОВАННЫХ ДАННЫХ: ТЕКСТОВЫЕ МАТЕРИАЛЫ, МОНОГРАФИЧЕСКИЕ
Кодированные данные о монографическом текстовом документе a z |||||
200 1# - ЗАГЛАВИЕ И СВЕДЕНИЯ ОБ ОТВЕТСТВЕННОСТИ
Основное заглавие Землетрясение в северных цепях Тянь-Шаня 22 декабря 1910 г. (4 января 1911 г.)
Сведения, относящиеся к заглавию С 8 табл. карт. и план., 24 табл. рис. и 30 фиг. в тексте
Первые сведения об ответственности К.И. Богданович, И.М. Карк, Б.Я. Корольков и Д.И. Мушкетов
210 ## - ПУБЛИКАЦИЯ, РАСПРОСТРАНЕНИЕ И ДР.
Место издания, распространения и т.д. [Санкт-Петербург]
Имя издателя, распространителя и т. д. тип. М.М. Стасюлевича
Дата издания, распространения и т.д. 1914
215 ## - ФИЗИЧЕСКАЯ ХАРАКТЕРИСТИКА
Специфическое обозначение материала и объем IV, 270 с., 24 л. ил.
Другие сведения о физической характеристике ил., черт.
Размеры 33
225 1# - СЕРИЯ
Основное заглавие серии Труды Геологической комиссии
Наименование части Новая серия
Обозначение тома Вып. 89
300 ## - ОБЩИЕ ПРИМЕЧАНИЯ
Текст примечания Тит. л. и обл. на рус. и фр. яз.; резюме на фр. яз.
532 11 - РАСШИРЕННОЕ ЗАГЛАВИЕ
Заглавие Землетрясение в северных цепях Тянь-Шаня двадцать второго декабря 1910 г. (4 января 1911 г.)
702 #1 - ИМЯ ЛИЦА - ВТОРИЧНАЯ ОТВЕТСТВЕННОСТЬ
Начальный элемент ввода Богданович
Часть имени, кроме начального элемента ввода К. И.
Код отношения Составитель
702 #1 - ИМЯ ЛИЦА - ВТОРИЧНАЯ ОТВЕТСТВЕННОСТЬ
Начальный элемент ввода Карк
Часть имени, кроме начального элемента ввода И. М.
Расширение инициалов личного имени Иван Михайлович
Код отношения Составитель
702 #1 - ИМЯ ЛИЦА - ВТОРИЧНАЯ ОТВЕТСТВЕННОСТЬ
Начальный элемент ввода Корольков
Часть имени, кроме начального элемента ввода Б. Я.
Код отношения Составитель
702 #1 - ИМЯ ЛИЦА - ВТОРИЧНАЯ ОТВЕТСТВЕННОСТЬ
Начальный элемент ввода Мушкетов
Часть имени, кроме начального элемента ввода Д. И.
Расширение инициалов личного имени Дмитрий Иванович
Код отношения Составитель
801 #0 - ИСТОЧНИК ЗАПИСИ
Страна Российская Федерация
Организация NLR
Правила каталогизации psbo
801 #1 - ИСТОЧНИК ЗАПИСИ
Страна Российская Федерация
Организация ProSoft-M
Источник данных rusmarc
852 ## - МЕСТОНАХОЖДЕНИЕ И ШИФР ХРАНЕНИЯ
Идентификатор организации NLR
Шифр хранения (Call Number) П8/184
942 ## - ДОПОЛНИТЕЛЬНЫЕ ЭЛЕМЕНТЫ ЗАПИСИ (АБИС)
Тип экземпляра АБИС Книга
980 ## - КОЛЛЕКЦИЯ
Название коллекции Национальная библиография
Экземпляры
Тип экземпляра Дата поступления Библиотека постоянного хранения Библиотека текущего хранения Место хранения Шифр хранения Штрих-код Статус экземпляра
Книга 26.10.2013 РНБ (Московский) РНБ (Московский) Русский журнальный фонд П8/184 5161073-10